000 01609nam2a2200229 4500
001 RU\NLR\BIBL_A\012682405
005 20250624113857.0
035 _a(NLR Aleph) 012682405
090 _a12819746
_c12819746
100 _a20220112d2012 |||y0rusy50 ca
101 0 _arus
102 _aRU
105 _a |||z|||000zy
200 0 _a... в 3 и 4 кварталах 2011 года
_fФедеральная служба государственной статистики, Территориальный орган по г. Санкт-Петербургу и Ленинградской области (Петростат)
210 _aСанкт-Петербург
_cПетростат
_d2012
215 _a44 с.
_cил., табл.
309 _aНа тит. с.: Экз. № 013
461 0 _1001RU\NLR\bibl\846766
_12001#$aДенежные доходы и их использование в домашних хозяйствах Санкт-Петербурга и Ленинградской области...$eэкономический доклад$fПетербургкомстат$v... в 3 и 4 кварталах 2011 года
_91387853
_cСанкт-Петербург
_d1999
_fПетербургкомстат
_nПетербургкомстат
_oэкономический доклад
_tДенежные доходы и их использование в домашних хозяйствах Санкт-Петербурга и Ленинградской области...
_v... в 3 и 4 кварталах 2011 года
942 _cBOOK
980 _aNB